000 00273nam a22001217a 4500
041 _aENG
100 _aAnwani M.L
245 _aBasic Wireman Wiring Estimating And Costing
260 _aDelhi
_bDhanpat Rai & Co.
_c1998
300 _a367
650 _aEOES
856 _uEOES
999 _c524
_d524